Southville International School and Colleges
Your cart is empty.
  • Cart
  • Lists
    Public lists Eva Luna New books Lux_list list_1
    Your lists Log in to create your own lists
  • Log in to your account
  • Your cookies
  • Search history
Southville International School and Colleges
  • Advanced search
  • Recent comments
  • Most popular
  • Libraries

Log in to your account

Log in with GOOGLE


If you do not have an external account, but do have a local account, you can still log in:

  1. Home
  2. MARC view: Myles textbook for midwives.
Normal view MARC view ISBD view

Myles textbook for midwives. (Record no. 288661)

[ view plain ]
MARC details
000 -LEADER
fixed length control field 01824cam a2200325 i 4500
001 - CONTROL NUMBER
control field 18218492
003 - CONTROL NUMBER IDENTIFIER
control field PILC
005 - DATE AND TIME OF LATEST TRANSACTION
control field 20150909132651.0
008 - FIXED-LENGTH DATA ELEMENTS--GENERAL INFORMATION
fixed length control field 140709s2014 stka b 001 0 eng
010 ## - LIBRARY OF CONGRESS CONTROL NUMBER
LC control number 2013372202
020 ## - INTERNATIONAL STANDARD BOOK NUMBER
International Standard Book Number 9780702051456 (pbk)
020 ## - INTERNATIONAL STANDARD BOOK NUMBER
International Standard Book Number 9780702051463 (international)
040 ## - CATALOGING SOURCE
Original cataloging agency DLC
Language of cataloging eng
Description conventions rda
Transcribing agency DLC
042 ## - AUTHENTICATION CODE
Authentication code pcc
050 00 - LIBRARY OF CONGRESS CALL NUMBER
Classification number RG 524
Item number .M985 2003
082 00 - DEWEY DECIMAL CLASSIFICATION NUMBER
Classification number 618.2
130 0# - MAIN ENTRY--UNIFORM TITLE
Uniform title Textbook for midwives (Churchill Livingstone)
245 10 - TITLE STATEMENT
Title Myles textbook for midwives.
250 ## - EDITION STATEMENT
Edition statement 14th edition /
Remainder of edition statement edited by Jayne E. Marshall, PhD, MA, PGCEA, ADM, RM, RGN, Head of School of Midwifery and Child Health, Faculty of Health, Social Care and Education, St. Georges, University of London/Kingston University, UK, Former Associate Professor in Midwifery, Director for Postgraduate Taught Studies in Midwifery, University of Nottingham, Academic Division of Midwifery, School of Health Sciences, Faculty of Medicine and Health Sciences, Postgraduate Education Centre, Nottingham, UK, Maureen D. Raynor, MA, PGCEA, ADM, RMN, RN, RM, Lecturer and Supervisor of Midwives, University of Nottingham, Academic Division of Midwifery, School of Health Sciences, Faculty of Medicine and Health Sciences, Postgraduate Education Centre, Nottingham, UK ; foreword by Emeritus Professor Diane M. Fraser.
260 ## - PUBLICATION, DISTRIBUTION, ETC. (IMPRINT)
Place of publication, distribution, etc Edinburgh :
Name of publisher, distributor, etc Churchill Livingstone,
Date of publication, distribution, etc 2003.
300 ## - PHYSICAL DESCRIPTION
Extent xvii, 780 pages :
Other physical details illustrations (some color) ;
Dimensions 26 cm.
500 ## - GENERAL NOTE
General note Revision of: Textbook for midwives.
500 ## - GENERAL NOTE
General note Includes bibliographical references and index.
650 #0 - SUBJECT ADDED ENTRY--TOPICAL TERM
Topical term or geographic name as entry element Midwifery.
700 1# - ADDED ENTRY--PERSONAL NAME
Personal name Marshall, Jayne E.
700 1# - ADDED ENTRY--PERSONAL NAME
Personal name Raynor, Maureen D.
906 ## - LOCAL DATA ELEMENT F, LDF (RLIN)
a 7
b cbc
c origcop
d 2
e ncip
f 20
g y-gencatlg
942 ## - ADDED ENTRY ELEMENTS (KOHA)
Source of classification or shelving scheme Library of Congress Classification
Koha item type Books
Call number prefix Foreign
Holdings
Withdrawn status Lost status Source of classification or shelving scheme Damaged status Home library Current library Shelving location Date acquired Source of acquisition Sub Shelving location Total Checkouts Full call number Barcode Date last seen Price effective from Koha item type
    Library of Congress Classification   College Library College Library General Circulation Section 09/09/2015 Donation     RG 524 .M985 2003 C19996 05/15/2018 09/09/2015 Books

Myles textbook for midwives.

APA

Marshall J. E., Raynor M. D., . (2003). Myles textbook for midwives. Edinburgh: Churchill Livingstone.

Chicago

Marshall Jayne E, Raynor Maureen D, . 2003. Myles textbook for midwives. Edinburgh: Churchill Livingstone.

Harvard

Marshall J. E., Raynor M. D., . (2003). Myles textbook for midwives. Edinburgh: Churchill Livingstone.

MLA

Marshall Jayne E, Raynor Maureen D, . Myles textbook for midwives. Edinburgh: Churchill Livingstone. 2003.

  • Place hold
  • Print
  • Cite
  • Add to your cart (remove)
  • Save record
    BIBTEX Dublin Core MARCXML MARC (non-Unicode/MARC-8) MARC (Unicode/UTF-8) MARC (Unicode/UTF-8, Standard) MODS (XML) RIS
  • More searches
    Search for this title in:
    Other Libraries (WorldCat) Other Databases (Google Scholar) Online Stores (Bookfinder.com) Open Library (openlibrary.org)

Exporting to Dublin Core...

SOUTHVILLE LIBRARY

Southville International School and Colleges Library

1281 Tropical Ave. Cor. Luxembourg St., BF Homes International, Las Pinas City

Tel. No. 8256374 / 252358 Loc. 117/146

Powered by Koha